000 00747cab a2200229 4500
001 ABS43291
008 090401t1990 xxu||||| |||| 00| 0 eng d
035 _a(Sirsi) u41243
041 _aeng
100 _aRadevsky, R.
245 _aSubsidence: structurally and ecologically sound?
260 _c1990
350 _a0
490 _aCII
_vJournal September 1990, 34-36(3)
520 _aDiscusses the possible effect that global warming could have on subsidence and examines ways in which potential losses suffered by both home owners and insurance companies could be reduced.
650 _aEnvironment
_96238
650 _aGREENHOUSE EFFECT
650 _aSETTLEMENT
690 _aBUILT ENVIRONMENT
942 _n0
948 _c04/03/1997
999 _c26501
_d26501